000 00611nam a2200193 4500
005 20220127151004.0
008 220127s1918 fr |||gr|||| 00| 0 fre d
040 _aCO-BoUCM
_bspa
_cDeissy Garcia
_dDeissy Garcia
041 0 _afre
060 _aWL
100 _972776
_aGrasset, J.
245 1 0 _aDiagnostic des maladies de la moelle
_bbsiège des lésions
_cJ. Grasset, L. Rimbaud
250 _a4a.Ed.
260 _aParís
_bBaillière
_c1918
300 _a93 páginas
490 0 _aLes Actualités médicales
504 _aIncluye referencias bibliográficas
942 _2NLM
_cLIBRO
_a15
_e4
_hWL
_mG768d
_n0
999 _c320413
_d320413